000 00559nam a2200193Ia 4500
005 20250508164837.0
008 008 250505s9999 xx 000 0 hin d
037 _aDissertations
040 _aFEDL
_beng
_cFEDL
041 _ahin
_2eng
084 _a372, SAN/DI
_qFEDL
100 _aSangeeta Kumari
_9541101
245 0 _aPratham peedhi adhigam kartao ki sheshik samasyaon ka addhyan
260 _c2009
300 _a100p.
546 _aM. Ed. Dissertation (Delhi University)
942 _cDIS
_h372, SAN/DI
999 _c1391540
_d1391540